000
00316nam a22001337a 4500
008
170524b xxu||||| |||| 00| 0 eng d
020
_a
9780534929640
041
_a
eng
080
_2
2ND
_a
62
100
_a
26
101
_a
IM
245
_a
A FIRST COURSE IN THE FINITE ELEMENT METHOD
_c
LOGAN, D.L
942
_2
udc
_c
BK
999
_c
14151
_d
14151